1064 1797 1524 1646 1549 1213 1544 1334 1185 1201 1774 1975 1932 1543 1764 1818 1935 1601 1591 1914 1732 1951 1309 1296 1317 1085 1404 1713 1300 1836 1210 1893 1267 1603 1740 1999 1645 1748 1234 1448 1541 1643 1593 1281 1611 1958 1770 1965 1342 1896 1085 1553 1844 1684 1343 1630 1664 1830 1627 1150 1227 1058 1958 1034 1591 1381 1824 1406 1234 1746 1220 1463 1647 1142 1404 1512 1400 1628 1593 1657 1592 1860 1973 1083 1355 1785 1204 1460 1541 1125 1895 1576 1207 1653 1866 1985 1347 1875 1110 BCNSPRNW ULIB Ver.6.0+V

เปลี่ยนเป็นภาษาไทย

Change to English
 แสดงรายละเอียดบรรณานุกรม
  กลับหน้าหลัก

Brief Record : Get Marc (ISO 2709) : E-mail record : QR code < ปิดหน้าต่าง
LEADER : 00000nam 2200000uu 4500
001    13399113508
003     ULIB
008    111123s2553||||th 000 0 tha d
020    ^a9786167123479
090    ^aนว.^bช253ว 2553
100 0  ^aชลิมา
245 00 ^aวังวนหัวใจกลไกแห่งรัก/^cชลิมา
250    ^aพิมพ์ครั้งที่ 1
260    ^aกรุงเทพฯ :^bGreen Mind,^c2553
300    ^a376 หน้า
710 1  ^aGreen Mind
945    ^p249^l0^i17051
995    ^aกัณชพร
999    ^aใช้งานได้ทุกระบบ
รายการนี้ยังไม่มีแท็ก
คุณยังไม่ได้ล็อกอิน คุณสามารถมีกิจกรรมร่วมกับเว็บไซต์ได้ แต่ต้องล็อกอินก่อน ::
  ล็อกอิน

รายการสื่อสารสนเทศ

ลำดับที่ ประเภท เลขเรียก/บาร์โค้ด สถานที่ สถานะ
1. นวนิยาย
นวนิยาย
นว. ช253ว 2553  
  Barcode: 17051
ห้องสมุดวิทยาเขตสวรรค์ประชารักษ์
►นวนิยาย
บนชั้น
  ขอยืม

BibComment


ยังไม่เคยถูกคอมเมนท์

คอมเมนท์ทรัพยากรรายการนี้
  คอมเมนท์: วังวนหัวใจกลไกแห..


 Copyright 2026. Bcnsprnw @Library